| 000 | 00912nam a2200241Ii 4500 | ||
|---|---|---|---|
| 003 | JO-AjNU | ||
| 008 | 230605s9999||||xx |||||||||||||| ||und|| | ||
| 017 | _a1997/2935 | ||
| 020 | _a977-01-5001-6 | ||
| 040 |
_aJO-AjNU _bara _erda _cJO-AjNU |
||
| 041 | _aara | ||
| 050 | 1 | 4 | _aDS71 1997 |
| 100 | 3 |
_aتاليف بورث، ديلا .ل؛ مراجعة أبو بكر، عبد المنعم, _eauthor _98878 |
|
| 245 | 0 | 0 | _aبلاد ما بين النهرين: الحضارتان البابلبة والاشورية |
| 250 | _aط2 | ||
| 264 | 3 | 1 | _aالقاهرة: الهيئة المصرية العامة للكتاب، 1997 |
| 300 | _a379ص | ||
| 336 |
_atext _btxt _2rdacontent |
||
| 337 |
_aunmediated _bn _2rdamedia |
||
| 338 |
_avolume _bnc _2rdacarrier |
||
| 490 | 0 | _aالالف كتاب الثاني | |
| 650 | 4 |
_aاشوريون- تاريخ، سومريون- تارسخ، بابليون- تاريخ _98879 |
|
| 999 |
_aA1013 _c4581 _d4581 |
||